Legislación eclesiástica de la Arquidiócesis de Lima.

Gardado en:
Detalles Bibliográficos
Autor Principal: Philipps, Belisario A. (autor)
Formato: Libro
Publicado: Lima, Perú: Casa Editora de Sanmarti y Co., 1910.
Subjects:
Tags: Engadir etiqueta
Sen Etiquetas, Sexa o primeiro en etiquetar este rexistro!

MARC

LEADER 00000nam a22000007a 4500
003 CL-VaPUC
005 20250103100420.0
008 230524t1910 ||||| |||| 00| 0 eng d
999 |c 440957  |d 440955 
040 |c Pontificia Universidad Católica de Valparaíso 
082 |2 22  |a 262.91 PHI 1910 
100 1 |a Philipps, Belisario A.  |e autor  |9 882517 
245 |a Legislación eclesiástica de la Arquidiócesis de Lima. 
260 |a Lima, Perú:  |b Casa Editora de Sanmarti y Co.,  |c 1910. 
300 |a Tomo III; 518 páginas. 
500 |a c.1 Donación Prof. Carlos Salinas. Memo DER 004/2023 
505 |a Compilación trienal de las resoluciones de la Santa Sede y de los derechos más importantes del Ordinario. Tomo III. 1905-1906-1907. 
583 |c 20230524  |k CA 
650 0 |a Derecho canónico   |9 254934  |x Arquidiócesis   |x Resoluciones   |y Siglo 20  |z Lima, Perú  
650 0 |a Iglesia Católica  |x Santa Sede  |x Documentos pontificios   |y Siglo 20  |z Perú   |9 256114 
942 |2 ddc  |c BK 
952 |0 0  |1 0  |2 ddc  |4 0  |6 262_910000000000000_PHI_1910  |7 0  |8 DER_HDC  |9 590157  |a BIBDER  |b BIBDER  |d 2023-05-24  |e Donación  |h t.III  |i 5657506  |o 262.91 PHI 1910  |p 5657506  |r 2023-05-24  |t 1  |w 2023-05-24  |x Ubicación 4to Piso  |y BK  |z Estos recursos deben solicitarse con anticipación  |k DER